000 01005pam a2200349 a 4500
999 _c2101
_d2101
001 014543643
003 Uk
005 20230307095322.0
008 080214s2008 enk j 000 1 eng d
015 _aGBA828251
_2bnb
016 7 _a014543643
_2Uk
020 _a9781862304796 (pbk.) :
040 _aStDuBDS
_beng
_cStDuBDS
_dUk
_dKH8
042 _aukblcatcopy
082 0 4 _a823.92 GRY
_222
100 1 _aGrylls, Bear.
_eauthor
245 1 0 _aGold of the gods /
_cBear Grylls.
260 _aLondon :
_bRed Fox,
_c2008.
300 _a271 p. ;
_c20 cm.
336 _atext
_2rdacontent
337 _aunmediated
_2rdamedia
338 _avolume
_2rdacarrier
490 1 _aMission: Survival
500 _aHologram attached to front cover.
500 _aFormerly CIP.
_5Uk
650 0 _aExtinct cities
_zColombia
_vJuvenile fiction.
650 0 _aSurvival skills
_vJuvenile fiction.
655 0 _aAdventure stories.
655 0 _aChildren's stories.
830 0 _aMission survival.
942 _2ddc
_cNFIC